AH International Schools' Libraries

The Elves and the Shoemaker / (Record no. 48812)

MARC details
000 -LEADER
fixed length control field 00438nam a2200133 4500
020 ## - INTERNATIONAL STANDARD BOOK NUMBER
International Standard Book Number 9781409306283
100 ## - MAIN ENTRY--PERSONAL NAME
Personal name Read, Lorna,
Relator term author.
9 (RLIN) 85339
245 ## - TITLE STATEMENT
Title The Elves and the Shoemaker /
Remainder of title by Lorna Read , Illustrated by Jan Lewis.
260 ## - PUBLICATION, DISTRIBUTION, ETC. (IMPRINT)
Place of publication, distribution, etc London :
Name of publisher, distributor, etc Ladybird Books ;
Date of publication, distribution, etc 2015.
490 ## - SERIES STATEMENT
Series statement Ladybird First Favourite Tales
650 ## - SUBJECT ADDED ENTRY--TOPICAL TERM
9 (RLIN) 29150
Topical term or geographic name as entry element children fairy tales
650 ## - SUBJECT ADDED ENTRY--TOPICAL TERM
9 (RLIN) 68742
Topical term or geographic name as entry element Juvenile Fiction
Form subdivision Classics
942 ## - ADDED ENTRY ELEMENTS (KOHA)
Source of classification or shelving scheme
Koha item type Book
Holdings
Withdrawn status Lost status Source of classification or shelving scheme Damaged status Not for loan Home library Current library Date acquired Total Checkouts Full call number Barcode Date last seen Date checked out Price effective from Koha item type Public note
          Logos International School Logos International School 09/04/2025 2 X REA 042969 12/04/2025 11/27/2025 09/04/2025 Book Basket 29

For any Logos Library related questions please contact Miss Art at swongnarasuk@asianhope.org.

For any Asian Hope Library related questions please contact Miss Raza at graza@asianhope.org.

Click here to explore our ebooks!

Powered by Koha